| 000 | 00927nam1a22002531i 4500 | ||
|---|---|---|---|
| 001 | rc\3237368 | ||
| 005 | 20240723211351.0 | ||
| 035 | _a(NLR Aleph) 007373322 | ||
| 090 |
_a6430847 _c6430847 |
||
| 100 | _a20130115g1969 |||y0rusy50 ca | ||
| 101 | 0 | _arus | |
| 102 | _aRU | ||
| 105 | _a z ||||| | ||
| 200 | 1 |
_aФизическая химия металлургических расплавов _f[Отв. ред. чл.-кор. АН СССР Н.А. Ватолин]. Ч. [1]-3 |
|
| 210 |
_aСвердловск _cБ. и. _d1969- |
||
| 215 | _d21 | ||
| 225 | 1 | _aАН СССР. Уральский научный центр. Труды Института металлургии | |
| 300 | _aВ ч. 2 ред не указан | ||
| 320 | _aБиблиогр. в конце статей | ||
| 702 | 1 |
_aВатолин _bН.А. _4340 |
|
| 801 | 0 |
_aRU _bNLR _gpsbo |
|
| 801 | 1 |
_aRU _bELAR _2rusmarc |
|
| 852 |
_aNLR _jП11/1571 |
||
| 942 | _cBOOK | ||